000 00587 a2200193 4500
003 Nust
005 20170207153137.0
010 _a 94003485
020 _a0131022784
040 _cNust
082 0 0 _a621.3192
245 0 0 _aBasic electric circuit analysis /
_cDavid E. Johnson ... [et al.].
250 _a5th ed.
260 _aEnglewood Cliffs, N.J. :
_bPrentice Hall,
_cc1995.
300 _axiv, 752 p. :
_bill. ;
_c24 cm.
500 _aRev. ed. of: Basic electric circuit analysis / David E, Johnson. 4th ed. 1990.
650 0 _aElectric circuit analysis.
700 1 _aJohnson, David E.
942 _2ddc
_cBK
999 _c179923
_d179923